000 00915pam a2200265 a 4500
001 4489735
005 20250422154830.0
008 970611s1998 maua b 001 0 eng
020 _a0070215790 (alk. paper)
020 _a9780070215795
050 0 0 _aHA29
_b.E482 1998
082 0 0 _a519.5
_221
100 1 _aElifson, Kirk W.,
_d1943-
245 1 0 _aFundamentals of social statistics /
_cKirk W. Elifson, Richard P. Runyon and Audrey Haber.
250 _a3rd ed.
260 _aBoston :
_bMcGraw Hill,
_cc1998.
300 _axiv, 536 p. :
_bill. ;
_c25 cm.
650 0 _aSocial sciences
_xStatistical methods.
650 0 _aStatistics.
700 1 _aRunyon, Richard P.
700 1 _aHaber, Audrey.
856 4 2 _3Publisher description
_uhttp://www.loc.gov/catdir/description/mh023/97025763.html
856 4 1 _3Table of contents
_uhttp://www.loc.gov/catdir/toc/mh022/97025763.html
942 _2lcc
_cBK
_e3rd Ed.
_n0
999 _c5498
_d5498